Agentes estresores presentes en gestantes con preeclampsia hospitalizadas en la ese clinica maternidad rafael calvo en el año 2017. / (Registro nro. 3960)
[ vista simple ]
| 000 -LEADER | |
|---|---|
| fixed length control field | 01646nam a2200253 4500 |
| 001 - CONTROL NUMBER | |
| control field | 0000000553 |
| 005 - DATE AND TIME OF LATEST TRANSACTION | |
| control field | 20250329165433.0 |
| 008 - FIXED-LENGTH DATA ELEMENTS--GENERAL INFORMATION | |
| fixed length control field | 170718s2017 000 0 eng d |
| 040 ## - CATALOGING SOURCE | |
| Original cataloging agency | CO-CtgCURN |
| Language of cataloging | spa |
| Transcribing agency | coctgcurn |
| 082 0# - DEWEY DECIMAL CLASSIFICATION NUMBER | |
| Classification number | ENF 2017 |
| Item number | A473 |
| 100 1# - MAIN ENTRY--PERSONAL NAME | |
| Personal name | Alvarez Lizcano, Paulo Emilio. |
| 245 10 - TITLE STATEMENT | |
| Title | Agentes estresores presentes en gestantes con preeclampsia hospitalizadas en la ese clinica maternidad rafael calvo en el año 2017. / |
| Statement of responsibility, etc. | Paulo Emilio Alvarez Lizcano; Yeimy Paola Carreño Montero; Breiner Yepez Jimenez; Asesor: Sandra Lorena Vallejo Arias. |
| 260 ## - PUBLICATION, DISTRIBUTION, ETC. | |
| Place of publication, distribution, etc. | Cartagena de Indias : |
| Name of publisher, distributor, etc. | Corporación Universitaria Rafael Núñez, |
| Date of publication, distribution, etc. | 2017. |
| 504 ## - BIBLIOGRAPHY, ETC. NOTE | |
| Bibliography, etc. note | Trabajo de grado (Enfermera). Corporacion Universitaria Rafael Nuñez. Facultad de Ciencias de la Salud. Enfermeria, 2029. |
| 520 ## - SUMMARY, ETC. | |
| Summary, etc. | Los problemas y trastornos mentales en las mujeres se pueden desarrollar como consecuencia de problemas de salud reproductiva, entre los cuales estan: la falta de eleccion en las decisiones reproductivas, embarazos no deseados, las infecciones de transmision sexual, la infertilidad y complicaciones del embarazo. |
| 650 #0 - SUBJECT ADDED ENTRY--TOPICAL TERM | |
| Topical term or geographic name entry element | Enfermeria |
| General subdivision | Tesis y disertaciones academicas. |
| 700 1# - ADDED ENTRY--PERSONAL NAME | |
| Personal name | Alvarez Lizcano, Paulo Emilio. |
| 700 1# - ADDED ENTRY--PERSONAL NAME | |
| Personal name | Carreño Montero, Yeimy Paola. |
| 700 1# - ADDED ENTRY--PERSONAL NAME | |
| Personal name | Yepez Jimenez, Breiner. |
| 700 1# - ADDED ENTRY--PERSONAL NAME | |
| Personal name | Vallejo Arias, Sandra Lorena. |
| 856 ## - ELECTRONIC LOCATION AND ACCESS | |
| Uniform Resource Identifier | <a href="https://unicurn.sharepoint.com/:b:/s/biblioteca/EZu3KpAddi9Ep6_RZJE7kysBhPBIGohRDC8DbXIXE6PMgw?e=lejgJH">https://unicurn.sharepoint.com/:b:/s/biblioteca/EZu3KpAddi9Ep6_RZJE7kysBhPBIGohRDC8DbXIXE6PMgw?e=lejgJH</a> |
| Public note | Click aqui para ver el recurso en texto completo |
| 942 ## - ADDED ENTRY ELEMENTS (KOHA) | |
| Classification part | ENF 2017 |
| Item part | A473 |
| Source of classification or shelving scheme | Dewey Decimal Classification |
| Koha item type | Trabajos de grado |
| Withdrawn status | Lost status | Source of classification or shelving scheme | Damaged status | Not for loan | Collection | Home library | Current library | Shelving location | Date acquired | Source of acquisition | Cost, normal purchase price | Inventory number | Total checkouts | Full call number | Barcode | Date last seen | Copy number | Price effective from | Koha item type |
|---|---|---|---|---|---|---|---|---|---|---|---|---|---|---|---|---|---|---|---|
| Dewey Decimal Classification | Trabajos de grado | Miguel Henríquez Emiliani | Miguel Henríquez Emiliani | Trabajo de grado | 01/06/2017 | El autor | 350000.00 | 018755 | ENF 2017 A473 | 018755 | 01/06/2017 | 1 | 01/06/2017 | Trabajos de grado |